[Event "Ruhrgebiet Verbandsklasse Gruppe 3 1819"]
[Site "Nordrheinwestfalen"]
[Date "2018.12.02"]
[Round "4.4"]
[White "Storp, Thomas"]
[Black "Schueppel, Werner"]
[Result "0-1"]
[WhiteElo "1822"]
[BlackElo "1959"]
[PlyCount "70"]
[EventDate "2018.09.23"]
[EventType "team-tourn"]
[EventRounds "9"]
[EventCountry "GER"]
[SourceTitle "EXT 2022"]
[Source "ChessBase"]
[SourceDate "2021.10.06"]
[SourceVersion "1"]
[SourceVersionDate "2021.10.06"]
[SourceQuality "1"]
[WhiteTeam "Ruettenscheid Rochade"]
[BlackTeam "Kirchhellen SF"]
[WhiteTeamCountry "GER"]
[BlackTeamCountry "GER"]

1. c4 g6 2. d4 Bg7 3. Nc3 d6 4. Nf3 Nd7 5. e4 e5 6. Be3 Ne7 7. Be2 0-0 8. 0-0 Nc6 9. Nd5 exd4 10. Nxd4 Nc5 11. f3 Ne6 12. Nxc6 bxc6 13. Nb4 c5 14. Nd3 Nd4 15. Rb1 f5 16. Qd2 Qe8 17. Nf2 f4 18. Bxd4 Bxd4 19. Kh1 g5 20. b4 Rf6 21. Ng4 Bxg4 22. fxg4 Qe6 23. bxc5 dxc5 24. Bf3 Rd8 25. Qc2 Rh6 26. h3 Qa6 27. Rfd1 Qa3 28. Rb3 Qa4 29. e5 Re8 30. Re1 Kh8 31. e6 Qa5 32. Re2 Rhxe6 33. Qd1 Rxe2 34. Bxe2 Qxa2 35. Bf3 Qxb3 0-1

[Event "Ruhrgebiet Verbandsklasse Gruppe 2 1718"]
[Site "Germany"]
[Date "2018.04.29"]
[Round "9.5"]
[White "Brandhoff, Gerd"]
[Black "Schueppel, Werner"]
[Result "0-1"]
[WhiteElo "1778"]
[BlackElo "1960"]
[PlyCount "60"]
[EventDate "2017.09.17"]
[EventType "team-tourn"]
[EventRounds "9"]
[EventCountry "GER"]
[SourceTitle "EXT 2022"]
[Source "ChessBase"]
[SourceDate "2021.10.06"]
[SourceVersion "1"]
[SourceVersionDate "2021.10.06"]
[SourceQuality "1"]
[WhiteTeam "Guennigfeld SV"]
[BlackTeam "Kirchhellen SF"]
[WhiteTeamCountry "GER"]
[BlackTeamCountry "GER"]

1. e4 g6 2. d4 Bg7 3. c3 d6 4. Bd3 Nd7 5. Ne2 e5 6. d5 Ne7 7. Ng3 0-0 8. 0-0 f5 9. exf5 Nxf5 10. Nxf5 gxf5 11. f4 e4 12. Be2 Nf6 13. Be3 c5 14. Na3 Kh8 15. Rb1 Ng4 16. Bxg4 fxg4 17. g3 b6 18. Nc2 Qe8 19. c4 b5 20. cxb5 Qxb5 21. Na3 Qb4 22. Nc2 Qa4 23. Na3 Qxd1 24. Rfxd1 Ba6 25. b4 Bd3 26. Rxd3 exd3 27. bxc5 Rfe8 28. Nc4 dxc5 29. Rd1 Re4 30. Rc1 Rxe3 0-1

[Event "Gelsenkirchen Silvester op 5th"]
[Site "Gelsenkirchen"]
[Date "2017.12.29"]
[Round "4"]
[White "Schueppel, Werner"]
[Black "Rohfleisch, Daniel"]
[Result "1/2-1/2"]
[WhiteElo "1942"]
[BlackElo "1749"]
[PlyCount "40"]
[EventDate "2017.12.27"]
[EventType "swiss"]
[EventRounds "5"]
[EventCountry "GER"]
[SourceTitle "CBM 182 Extra"]
[Source "ChessBase"]
[SourceDate "2018.02.23"]
[SourceVersion "1"]
[SourceVersionDate "2018.02.23"]
[SourceQuality "1"]

1. d4 Nf6 2. Nf3 e6 3. c4 b6 4. Nc3 Bb4 5. a3 Bxc3+ 6. bxc3 Bb7 7. Bg5 h6 8. Bh4 g5 9. Bg3 Ne4 10. d5 Nxg3 11. hxg3 Qf6 12. Rc1 d6 13. e4 Nd7 14. Qa4 a6 15. Nd4 0-0-0 16. Bd3 Nc5 17. Qc2 h5 18. Rd1 h4 19. g4 Rde8 20. Kf1 Rh6 1/2-1/2

[Event "Gelsenkirchen Silvester op 5th"]
[Site "Gelsenkirchen"]
[Date "2017.12.27"]
[Round "1"]
[White "Muschik, Benedikt"]
[Black "Schueppel, Werner"]
[Result "1-0"]
[WhiteElo "2234"]
[BlackElo "1942"]
[PlyCount "45"]
[EventDate "2017.12.27"]
[EventType "swiss"]
[EventRounds "5"]
[EventCountry "GER"]
[SourceTitle "CBM 182 Extra"]
[Source "ChessBase"]
[SourceDate "2018.02.23"]
[SourceVersion "1"]
[SourceVersionDate "2018.02.23"]
[SourceQuality "1"]

1. d4 g6 2. Bf4 Bg7 3. e3 d6 4. Nf3 Nd7 5. h3 e5 6. Bh2 Ne7 7. Be2 0-0 8. 0-0 c5 9. c3 Nc6 10. Na3 a6 11. Nc4 e4 12. Nfd2 d5 13. Nd6 c4 14. b3 b5 15. a4 Rb8 16. axb5 axb5 17. bxc4 bxc4 18. Qa4 Rb6 19. Rfb1 Ne7 20. Qa7 Rc6 21. Nxc8 Nxc8 22. Qb7 Rb6 23. Qxd5 1-0

[Event "Gelsenkirchen Silvester op 5th"]
[Site "Gelsenkirchen"]
[Date "2017.12.27"]
[Round "2"]
[White "Schueppel, Werner"]
[Black "Westendorp, Christian"]
[Result "1/2-1/2"]
[WhiteElo "1942"]
[BlackElo "1669"]
[PlyCount "37"]
[EventDate "2017.12.27"]
[EventType "swiss"]
[EventRounds "5"]
[EventCountry "GER"]
[SourceTitle "CBM 182 Extra"]
[Source "ChessBase"]
[SourceDate "2018.02.23"]
[SourceVersion "1"]
[SourceVersionDate "2018.02.23"]
[SourceQuality "1"]

1. d4 Nf6 2. Nf3 d5 3. c4 c6 4. Bf4 dxc4 5. a4 a6 6. a5 e6 7. Qa4 Nd5 8. Bd2 b5 9. axb6 Nxb6 10. Qc2 c5 11. e3 Nc6 12. Bxc4 cxd4 13. Bxe6 Nb4 14. Bxf7+ Kxf7 15. Qb3+ Be6 16. Ne5+ Kf6 17. Ng4+ Kf7 18. Ne5+ Kf6 19. Ng4+ 1/2-1/2

[Event "Ruhrgebiet Verbandsliga Gruppe 2 1617"]
[Site "Germany"]
[Date "2017.01.29"]
[Round "6.4"]
[White "Foerster, Wolfgang"]
[Black "Schueppel, Werner"]
[Result "1/2-1/2"]
[WhiteElo "1949"]
[BlackElo "1958"]
[PlyCount "78"]
[EventDate "2016.09.04"]
[EventType "team-tourn"]
[EventRounds "9"]
[EventCountry "GER"]
[SourceTitle "EXT 2022"]
[Source "ChessBase"]
[SourceDate "2021.10.06"]
[SourceVersion "1"]
[SourceVersionDate "2021.10.06"]
[SourceQuality "1"]
[WhiteTeam "Sodingen/Castrop SK II"]
[BlackTeam "Kirchhellen SF"]
[WhiteTeamCountry "GER"]
[BlackTeamCountry "GER"]

1. e4 g6 2. Nc3 Bg7 3. g3 e5 4. Bg2 d6 5. d3 Ne7 6. Be3 0-0 7. Qd2 c5 8. h4 h5 9. Nh3 Nbc6 10. f4 Nd4 11. 0-0 Bg4 12. Kh2 Qd7 13. Rf2 b5 14. Raf1 b4 15. Nd1 a5 16. c3 b3 17. a3 Nc2 18. f5 gxf5 19. Bh6 f4 20. Bxg7 fxg3+ 21. Kxg3 Kxg7 22. Qg5+ Ng6 23. Rf6 Bxd1 24. R1f5 Bg4 25. Bf3 Bxf3 26. Kxf3 Rae8 27. Qxh5 Rh8 28. Qg5 Rxh4 29. Rxg6+ fxg6 30. Qf6+ Kg8 31. Qxg6+ Qg7 32. Qxe8+ Kh7 33. Ng5+ Kh6 34. Qe6+ Qg6 35. Rf6 Rf4+ 36. Rxf4 Qxe6 37. Nxe6 exf4 38. a4 Ne3 39. Ke2 Ng2 1/2-1/2

[Event "Gelsenkirchen Silvester op 4th"]
[Site "Gelsenkirchen"]
[Date "2016.12.28"]
[Round "3"]
[White "Koscielski, Janusch"]
[Black "Schueppel, Werner"]
[Result "1-0"]
[WhiteElo "2334"]
[BlackElo "1929"]
[PlyCount "83"]
[EventDate "2016.12.27"]
[EventType "swiss"]
[EventRounds "5"]
[EventCountry "GER"]
[SourceTitle "EXT 2019"]
[Source "ChessBase"]
[SourceDate "2018.10.10"]
[SourceVersion "1"]
[SourceVersionDate "2018.10.10"]
[SourceQuality "1"]

1. e4 g6 2. d4 Bg7 3. Nc3 d6 4. Bg5 c5 5. dxc5 Qa5 6. Qd2 dxc5 7. Nd5 Qxd2+ 8. Bxd2 Bxb2 9. Rb1 Be5 10. Nf3 Bd6 11. Bc3 f6 12. e5 e6 13. exf6 exd5 14. f7+ Kxf7 15. Bxh8 Ne7 16. Be5 Bxe5 17. Nxe5+ Kf6 18. Nd3 b6 19. Be2 Ba6 20. 0-0 Nbc6 21. Nf4 Bxe2 22. Nxe2 Rd8 23. Nf4 g5 24. Nh5+ Kg6 25. Ng3 Nd4 26. Rfe1 Kf7 27. c3 Ndf5 28. Nxf5 Nxf5 29. Re5 Kf6 30. Rbe1 Rd6 31. Re8 h5 32. Kf1 d4 33. cxd4 Nxd4 34. Rh8 Kg6 35. Rc8 Nf5 36. Rc7 a6 37. a4 Kf6 38. a5 bxa5 39. Rxc5 Nd4 40. Rd1 Nb5 41. Rxd6+ Nxd6 42. Rxa5 1-0

[Event "Gelsenkirchen Silvester op 4th"]
[Site "Gelsenkirchen"]
[Date "2016.12.28"]
[Round "4"]
[White "Schueppel, Werner"]
[Black "Schlereth, Detlev"]
[Result "1-0"]
[WhiteElo "1929"]
[BlackElo "1718"]
[PlyCount "47"]
[EventDate "2016.12.27"]
[EventType "swiss"]
[EventRounds "5"]
[EventCountry "GER"]
[SourceTitle "EXT 2019"]
[Source "ChessBase"]
[SourceDate "2018.10.10"]
[SourceVersion "1"]
[SourceVersionDate "2018.10.10"]
[SourceQuality "1"]

1. d4 Nf6 2. Nf3 g6 3. Nc3 Bg7 4. e4 d6 5. Bc4 0-0 6. Bb3 Nbd7 7. e5 dxe5 8. dxe5 Ng4 9. e6 Nc5 10. exf7+ Kh8 11. Qxd8 Rxd8 12. 0-0 Nxb3 13. axb3 a6 14. Bg5 Bf6 15. Rad1 Bf5 16. Bxf6+ Nxf6 17. Rxd8+ Rxd8 18. Re1 Kg7 19. Rxe7 Kf8 20. Rxc7 Nd5 21. Nxd5 Rxd5 22. h3 Rd1+ 23. Kh2 Rd7 24. Rc8+ 1-0

[Event "Gelsenkirchen Silvester op 3rd"]
[Site "Gelsenkirchen"]
[Date "2015.12.29"]
[Round "5"]
[White "Schueppel, Werner"]
[Black "Heiermann, Ludger"]
[Result "1-0"]
[WhiteElo "1897"]
[BlackElo "1637"]
[PlyCount "83"]
[EventDate "2015.12.27"]
[EventType "swiss"]
[EventRounds "5"]
[EventCountry "GER"]
[SourceTitle "EXT 2019"]
[Source "ChessBase"]
[SourceDate "2018.10.10"]
[SourceVersion "1"]
[SourceVersionDate "2018.10.10"]
[SourceQuality "1"]

1. d4 Nf6 2. Nf3 g6 3. Nc3 d5 4. Bf4 Bg7 5. Qd2 0-0 6. Bh6 Bf5 7. 0-0-0 c6 8. Ne5 Ng4 9. Nxg4 Bxg4 10. f3 Bd7 11. h4 f5 12. Bxg7 Kxg7 13. h5 Be8 14. e4 e6 15. hxg6 Bxg6 16. Qh6+ Kg8 17. exf5 Rxf5 18. Re1 Rf6 19. Qh3 Qe7 20. Nd1 Nd7 21. Nf2 Re8 22. Nd3 Qf7 23. f4 Be4 24. Be2 Re7 25. Rhf1 Bxd3 26. Bxd3 Nf8 27. Re3 Ng6 28. g3 Kf8 29. Rfe1 Kg8 30. Be2 Nf8 31. Bg4 Kg7 32. Bh5 Qg8 33. f5 Rxf5 34. Qxf5 exf5 35. Rxe7+ Kh8 36. Kb1 Qg5 37. Bf7 Qxg3 38. a3 f4 39. Bh5 Qg5 40. R1e5 Qh6 41. Rf5 Kg8 42. Re8 1-0

[Event "Ruhrgebiet Verbandsliga Gruppe 1 1415"]
[Site "Germany"]
[Date "2015.01.18"]
[Round "5"]
[White "Marx, Henning"]
[Black "Schueppel, Werner"]
[Result "1/2-1/2"]
[WhiteElo "1958"]
[BlackElo "1967"]
[PlyCount "35"]
[EventDate "2014.09.21"]
[EventType "team-tourn"]
[EventRounds "9"]
[EventCountry "GER"]
[SourceTitle "EXT 2022"]
[Source "ChessBase"]
[SourceDate "2021.10.06"]
[SourceVersion "1"]
[SourceVersionDate "2021.10.06"]
[SourceQuality "1"]
[WhiteTeam "Bochum-Linden"]
[BlackTeam "Kirchhellen SF"]
[WhiteTeamCountry "GER"]
[BlackTeamCountry "GER"]

1. d4 g6 2. Nf3 Bg7 3. e4 d6 4. Nc3 Nd7 5. Be3 e5 6. Qd2 Ngf6 7. dxe5 dxe5 8. 0-0-0 Ng4 9. Bc4 Nxe3 10. Qxe3 0-0 11. g4 c6 12. h4 b5 13. Be2 h6 14. Rd6 Qc7 15. Rhd1 Nb6 16. Qc5 Bxg4 17. Rxc6 Qb8 18. Nd5 1/2-1/2

[Event "NRW Verbandsklasse Group2 1314"]
[Site "Nordrheinwestfalen"]
[Date "2014.02.16"]
[Round "7.4"]
[White "Bauriedel, Friedrich"]
[Black "Schueppel, Werner"]
[Result "1/2-1/2"]
[WhiteElo "1907"]
[BlackElo "1944"]
[PlyCount "41"]
[EventDate "2013.09.08"]
[EventType "team-tourn"]
[EventRounds "9"]
[EventCountry "GER"]
[SourceTitle "EXT 2020"]
[Source "ChessBase"]
[SourceDate "2019.10.17"]
[SourceVersion "1"]
[SourceVersionDate "2019.10.17"]
[SourceQuality "1"]
[WhiteTeam "Germania Kupferdreh"]
[BlackTeam "Kirchhellen SF"]
[WhiteTeamCountry "GER"]
[BlackTeamCountry "GER"]

1. d4 g6 2. Nf3 Bg7 3. e4 d6 4. Nc3 Nd7 5. Be3 e5 6. d5 Ne7 7. Qd2 0-0 8. Bh6 f5 9. Bxg7 Kxg7 10. h4 Nf6 11. Bd3 h6 12. 0-0-0 a6 13. Nh2 b5 14. f3 b4 15. Ne2 fxe4 16. fxe4 a5 17. Rdf1 Ng4 18. Rxf8 Qxf8 19. Rf1 Qg8 20. Nxg4 Bxg4 21. Ng3 1/2-1/2

[Event "Ruhrgebiet VK2 1213"]
[Site "Nordrheinwestfalen"]
[Date "2012.12.02"]
[Round "4"]
[White "Seemann, Mathis"]
[Black "Schueppel, Werner"]
[Result "1-0"]
[WhiteElo "1886"]
[BlackElo "1949"]
[PlyCount "59"]
[EventDate "2012.09.02"]
[EventType "team-tourn"]
[EventRounds "9"]
[EventCountry "GER"]
[SourceTitle "EXT 2020"]
[Source "ChessBase"]
[SourceDate "2019.10.17"]
[SourceVersion "1"]
[SourceVersionDate "2019.10.17"]
[SourceQuality "1"]
[WhiteTeam "Bochum Uni"]
[BlackTeam "Kirchhellen SF"]
[WhiteTeamCountry "GER"]
[BlackTeamCountry "GER"]

1. d4 g6 2. e4 Bg7 3. Nf3 d6 4. Bd3 Nd7 5. c3 e5 6. Bg5 Ne7 7. Nbd2 0-0 8. h4 h6 9. Be3 c5 10. dxe5 dxe5 11. h5 f5 12. Nb3 fxe4 13. Bxe4 c4 14. hxg6 Nf6 15. Nc5 Nxe4 16. Nxe4 Bf5 17. Nfd2 Qd5 18. Bxh6 Bxg6 19. Qe2 Bxh6 20. Rxh6 Kg7 21. Rh3 Rf4 22. f3 b5 23. g3 Rf7 24. Ng5 Bd3 25. Qh2 Raf8 26. Rh7+ Kf6 27. Nde4+ Bxe4 28. Nxe4+ Ke6 29. Rd1 Qc6 30. Rd6+ 1-0

[Event "Ruhrgebiet VK2 1213"]
[Site "Nordrheinwestfalen"]
[Date "2012.09.02"]
[Round "1"]
[White "Schueppel, Werner"]
[Black "Hessel, Malte"]
[Result "1-0"]
[WhiteElo "1949"]
[BlackElo "1922"]
[PlyCount "52"]
[EventDate "2012.09.02"]
[EventType "team-tourn"]
[EventRounds "9"]
[EventCountry "GER"]
[SourceTitle "EXT 2020"]
[Source "ChessBase"]
[SourceDate "2019.10.17"]
[SourceVersion "1"]
[SourceVersionDate "2019.10.17"]
[SourceQuality "1"]
[WhiteTeam "Kirchhellen SF"]
[BlackTeam "Castrop Rauxel II"]
[WhiteTeamCountry "GER"]
[BlackTeamCountry "GER"]

1. d4 Nf6 2. Nf3 e6 3. c4 Bb4+ 4. Bd2 Qe7 5. a3 Bxd2+ 6. Nbxd2 d5 7. e3 0-0 8. Ne5 Nbd7 9. f4 Ne4 10. Bd3 Nxd2 11. Qxd2 f6 12. Nf3 c6 13. 0-0 Kh8 14. e4 dxc4 15. Bxc4 b6 16. b4 Bb7 17. Rfe1 Rad8 18. d5 cxd5 19. exd5 e5 20. Qe3 Qd6 21. fxe5 fxe5 22. Nxe5 Bxd5 23. Nxd7 Qxd7 24. Rad1 Qb7 25. Qg5 Qf7 26. Bxd5 Rxd5 1-0

[Event "Ruhrgebiet VK3 1112"]
[Site "Nordrheinwestfalen"]
[Date "2011.10.09"]
[Round "2"]
[White "Reinemann, Heinrich"]
[Black "Schueppel, Werner"]
[Result "0-1"]
[WhiteElo "1564"]
[BlackElo "1882"]
[PlyCount "42"]
[EventDate "2012.09.18"]
[EventType "team-tourn"]
[EventRounds "9"]
[EventCountry "GER"]
[SourceTitle "EXT 2020"]
[Source "ChessBase"]
[SourceDate "2019.10.17"]
[SourceVersion "1"]
[SourceVersionDate "2019.10.17"]
[SourceQuality "1"]
[WhiteTeam "Ickern"]
[BlackTeam "Kirchhellen SF"]
[WhiteTeamCountry "GER"]
[BlackTeamCountry "GER"]

1. d4 g6 2. c4 Bg7 3. Nc3 d6 4. e4 Nd7 5. Be3 e5 6. Qd2 exd4 7. Bxd4 Ngf6 8. Nf3 0-0 9. Bd3 Nc5 10. Bxf6 Qxf6 11. 0-0 c6 12. Rfb1 Bg4 13. Ne1 Rad8 14. f3 Be6 15. Kh1 Qd4 16. Ne2 Qf2 17. Qc2 d5 18. cxd5 cxd5 19. Nc3 Nxd3 20. Qxd3 Bxc3 21. bxc3 dxe4 0-1

[Event "Ruhrgebiet Verbandsliga1 1011"]
[Site "Nordrheinwestfalen"]
[Date "2011.01.16"]
[Round "5"]
[White "Schroeder, Wilfried"]
[Black "Schueppel, Werner"]
[Result "1-0"]
[WhiteElo "2056"]
[BlackElo "1882"]
[PlyCount "89"]
[EventDate "2011.09.12"]
[EventType "team-tourn"]
[EventRounds "9"]
[EventCountry "GER"]
[SourceTitle "EXT 2020"]
[Source "ChessBase"]
[SourceDate "2019.10.17"]
[SourceVersion "1"]
[SourceVersionDate "2019.10.17"]
[SourceQuality "1"]
[WhiteTeam "Wattenscheid SV"]
[BlackTeam "Kirchhellen SF"]
[WhiteTeamCountry "GER"]
[BlackTeamCountry "GER"]

1. d4 g6 2. c4 Bg7 3. Nc3 d6 4. Nf3 Nd7 5. g3 e5 6. Bg2 Ngf6 7. 0-0 0-0 8. e4 h6 9. h3 exd4 10. Nxd4 Ne5 11. b3 Bd7 12. Be3 Kh7 13. Qd2 c5 14. Nde2 Bxh3 15. Rad1 Bxg2 16. Kxg2 Nfg4 17. Nb5 Qf6 18. f4 Nc6 19. Bg1 Rad8 20. Nxd6 b6 21. e5 Ncxe5 22. fxe5 Qxe5 23. Nf4 Rd7 24. Rfe1 Qf6 25. Qe2 h5 26. Ne4 Qc6 27. Rxd7 Qxd7 28. Nd5 Kh8 29. Ng5 Qf5 30. Nf3 Bh6 31. Qe4 Qd7 32. Ne5 Nxe5 33. Qxe5+ Bg7 34. Qe7 Qg4 35. Qe4 Qd7 36. Bf2 Qc6 37. Re2 Qa8 38. Be1 f5 39. Qf3 f4 40. gxf4 Bh6 41. Bc3+ Bg7 42. Bxg7+ Kxg7 43. Re7+ Kh6 44. Qc3 Rg8 45. Qf6 1-0

[Event "Ruhrgebiet VK2 0910"]
[Site "Ruhrgebiet"]
[Date "2010.01.10"]
[Round "5.6"]
[White "Guddat, Joern"]
[Black "Schueppel, Werner"]
[Result "0-1"]
[WhiteElo "1886"]
[BlackElo "1872"]
[PlyCount "76"]
[EventDate "2009.09.06"]
[EventType "team"]
[EventRounds "9"]
[EventCountry "GER"]
[SourceTitle "EXT 2011"]
[Source "ChessBase"]
[SourceDate "2010.11.26"]
[SourceVersion "1"]
[SourceVersionDate "2010.11.26"]
[SourceQuality "1"]
[WhiteTeam "Eichlinghofen SV II"]
[BlackTeam "Kirchhellen SF"]
[WhiteTeamCountry "GER"]
[BlackTeamCountry "GER"]

1. d4 g6 2. c4 Bg7 3. g3 d6 4. Bg2 Nd7 5. Nf3 e5 6. dxe5 dxe5 7. Nc3 Ngf6 8. 0-0 0-0 9. Qc2 c6 10. h3 Qc7 11. Be3 Nb6 12. b3 Bf5 13. Qc1 Rfd8 14. Nh4 Be6 15. Qc2 Qe7 16. Rad1 Nh5 17. Ne4 Nd7 18. Nd6 Rdb8 19. Nxb7 Rxb7 20. Bxc6 Rab8 21. Bxb7 Rxb7 22. c5 Rc7 23. c6 Nb8 24. Rc1 Rxc6 25. Bc5 Qc7 26. Rfd1 Bf8 27. b4 Na6 28. Qe4 Nxc5 29. bxc5 Nf6 30. Qe3 Bxh3 31. Nf3 Bxc5 32. Qh6 Bxf2+ 33. Kh1 Rxc1 34. Rxc1 Qd7 35. Nxe5 Qd5+ 36. Nf3 Qh5 37. Qxh5 Nxh5 38. Ng5 Be3 0-1

[Event "Ruhrgebiet VK2 0910"]
[Site "Ruhrgebiet"]
[Date "2009.12.06"]
[Round "4.6"]
[White "Schueppel, Werner"]
[Black "Kirsch, Frank"]
[Result "1-0"]
[WhiteElo "1872"]
[BlackElo "1832"]
[PlyCount "81"]
[EventDate "2009.09.06"]
[EventType "team"]
[EventRounds "9"]
[EventCountry "GER"]
[SourceTitle "EXT 2011"]
[Source "ChessBase"]
[SourceDate "2010.11.26"]
[SourceVersion "1"]
[SourceVersionDate "2010.11.26"]
[SourceQuality "1"]
[WhiteTeam "Kirchhellen SF"]
[BlackTeam "Unna SV"]
[WhiteTeamCountry "GER"]
[BlackTeamCountry "GER"]

1. d4 Nf6 2. Nf3 g6 3. Nc3 Bg7 4. e4 d6 5. Bc4 c6 6. a4 0-0 7. 0-0 Nbd7 8. e5 Ng4 9. e6 Nb6 10. exf7+ Kh8 11. Bb3 d5 12. a5 Nd7 13. Ng5 Ndf6 14. Ne2 h6 15. f4 hxg5 16. fxg5 Nxh2 17. gxf6 Nxf1 18. fxg7+ Kxg7 19. Qxf1 Rxf7 20. Bf4 Bg4 21. Be5+ Kg8 22. Qe1 e6 23. Qd2 Qh4 24. Bg3 Qh5 25. Nf4 Qh6 26. Qe3 Rh7 27. Re1 Rf8 28. Nh3 Bxh3 29. Qxh6 Rxh6 30. gxh3 g5 31. Kg2 Rf7 32. Be5 Rfh7 33. Re3 Kf7 34. c3 Ke7 35. Bc2 Rf7 36. Rg3 b6 37. axb6 axb6 38. Rxg5 c5 39. Rg8 cxd4 40. cxd4 Rf8 41. Bd6+ 1-0

[Event "Ruhrgebiet VK2 0910"]
[Site "Ruhrgebiet"]
[Date "2009.11.08"]
[Round "3.6"]
[White "Biermann, Klaus"]
[Black "Schueppel, Werner"]
[Result "1-0"]
[WhiteElo "1880"]
[BlackElo "1872"]
[PlyCount "79"]
[EventDate "2009.09.06"]
[EventType "team"]
[EventRounds "9"]
[EventCountry "GER"]
[SourceTitle "EXT 2011"]
[Source "ChessBase"]
[SourceDate "2010.11.26"]
[SourceVersion "1"]
[SourceVersionDate "2010.11.26"]
[SourceQuality "1"]
[WhiteTeam "Essen Werden"]
[BlackTeam "Kirchhellen SF"]
[WhiteTeamCountry "GER"]
[BlackTeamCountry "GER"]

1. c4 g6 2. Nc3 Bg7 3. g3 e5 4. Bg2 Ne7 5. e4 0-0 6. d3 h6 7. Nge2 d6 8. 0-0 Be6 9. h3 Qd7 10. Kh2 f5 11. Nd5 f4 12. gxf4 Bxd5 13. cxd5 exf4 14. Bf3 g5 15. Bd2 Ng6 16. Bg4 Qe7 17. Bc3 Ne5 18. Be6+ Kh8 19. Nd4 f3 20. Rg1 h5 21. Nf5 Rxf5 22. Bxf5 g4 23. Rg3 Nbd7 24. hxg4 Qh4+ 25. Kg1 Rf8 26. Bxd7 Nxg4 27. Bxg7+ Kxg7 28. Bxg4 hxg4 29. Rc1 Rf7 30. Rc4 Kf8 31. Kf1 Qh1+ 32. Rg1 Qh3+ 33. Ke1 Qh2 34. Rf1 g3 35. fxg3 f2+ 36. Kd2 Qxg3 37. Qh5 Qf4+ 38. Kc2 Kg8 39. e5 Qe3 40. e6 1-0